| 000 | 00000nam 2200000zi 4500 |
| 001 | 9.881746 |
| 003 | CaOODSP |
| 005 | 20230811134001 |
| 006 | m o d f |
| 007 | cr ||||||||||| |
| 008 | 191106t20002000oncab o f001 0 fre d |
| 020 | |a0660615622|qimprimée |
| 040 | |aCaOODSP|bfre|erda|cCaOODSP |
| 041 | |afre|aeng|aspa |
| 043 | |an-cn--- |
| 086 | 1 |aCW66-192/2000-PDF|zCW66-192/2000 |
| 100 | 1 |aCoote, Lonny D. |q(Lonny Delbert)|eauteur. |
| 245 | 10|aCITES identification guide - butterflies : |bguide to the identification of butterfly species controlled under the Convention on International Trade in Endangered Species of Wild Fauna and Flora = Guide d'identification CITES - papillons : guide d'identification des papillons protégés par la Convention sur le commerce international des espèces de faune et de flore sauvages menacées d'extinction = Guía de identificación de CITES - mariposas : guía de identificación de las mariposas protegidas por la Convención sobre el Comercio Internacional de Especies Amenazadas de Fauna y Flora Silvestres / |cauteur: Lonny D. Coote. |
| 246 | 11|aGuide d'identification CITES - papillons : |bguide d'identification des papillons protégés par la Convention sur le commerce international des espèces de faune et de flore sauvages menacées d'extinction |
| 246 | 11|aGuía de identificación de CITES - mariposas : |bguía de identificación de las mariposas protegidas por la Convención sobre el Comercio Internacional de Especies Amenazadas de Fauna y Flora Silvestres |
| 246 | 10|aGuide d'identification des papillons protégés par la Convention sur le commerce international des espèces de faune et de flore sauvages menacées d'extinction |
| 264 | 1|a[Ottawa?] : |bEnvironment Canada = Environnement Canada, |c[2000] |
| 264 | 4|c©2000 |
| 300 | |a1 ressource en ligne (221 pages en pagination multiple) : |billustrations, cartes |
| 336 | |atexte|btxt|2rdacontent/fre |
| 337 | |ainformatique|bc|2rdamedia/fre |
| 338 | |aressource en ligne|bcr|2rdacarrier/fre |
| 500 | |aComprend des index. |
| 500 | |a« Une initiative d'Environnement Canada. » |
| 500 | |a« Publié avec la collaboration du Secrétariat de la CITES, et le Bureau de la Convention sur la biodiversité, Environnement Canada. » |
| 520 | |a« Certaines espèces de papillons sont devenues rares ou menacées d'extinction en raison, principalement, de la destruction de leur habitat naturel ou de l'élimination des plantes qui constituent leur nourriture de prédilection. De plus, la chasse excessive que les collectionneurs livrent aux papillons adultes a grandement contribué au déclin des populations de plusieurs de ces espèces, en particulier celles qui font l'objet d'une chasse commerciale. De nombreuses autres espèces de papillons risquent d'être à leur tour menacées d'extinction pour les mêmes raisons; il importe donc de les protéger contre l'exploitation excessive » -- Comment utiliser ce guide, page ?-1. |
| 530 | |aÉgalement publié en version imprimée. |
| 546 | |aTexte en français, anglais et en espagnol. |
| 692 | 07|2gccst|aPapillon |
| 692 | 07|2gccst|aIdentification |
| 692 | 07|2gccst|aEspèce menacée |
| 710 | 1 |aCanada. |bBureau de la Convention sur la biodiversité. |
| 710 | 2 |aSecrétariat de la CITES. |
| 776 | 0#|tGuide d'identification CITES - papillons |w(CaOODSP)9.662332 |
| 791 | |tCITES identification guide - butterflies : |eeng|w(CaOODSP)9.881738 |
| 856 | 40|qPDF|s8.55 Mo|uhttps://publications.gc.ca/collections/collection_2019/eccc/CW66-192-2000.pdf |